000
00330 a2200157 4500
001
162492
020
_a
040
_c
Magnum
100
_a
Rosell, Joel Franz
240
1
0
_a
Era uma vez um jovem mago
_l
por
245
1
0
_a
Era uma vez um jovem mago
362
0
_a
1899
440
1
_a
Moderna
697
_a
J/FICCAO
942
_c
BK
999
_c
162492
_d
162492